FETHİN SEMBOLÜ AYASOFYA (Record no. 702622)

MARC details
000 -LEADER
sabit uzunluktaki kontrol alanı 00259nam a2200097Ia 4500
001 - KONTROL NUMARASI
kontrol alanı 702622
005 - EN SON İŞLEMİN TARİH VE ZAMANI
kontrol alanı 20250826162336.0
008 - SABİT-UZUNLUKTA VERİ ÖĞELERİ--GENEL BİLGİ
sabit uzunluktaki kontrol alanı 250824s9999 xx 000 0 und d
245 #0 - ESER / YAZAR
ESER ADI FETHİN SEMBOLÜ AYASOFYA
Yazar Adı MAZLUM AKIN
260 ## - YAYIN, DAĞITIM, VB.
YAYIN EVİ EĞLENCELİ BİLGİ YAYINLARI
Holdings
Düşüm durumu Kayıp durumu Hasar Durumu Ödünç verilmez Ana kütüphane Geçerli Kütüphane Edinilen tarih Toplam ödünç verme sayısı Barkod Son görüntüleme tarihi Son ödünç verme tarihi Fiyatın geçerli olmaya başladığı tarih Koha materyal türü
        MUSTAFA BÜYÜKKAPLAN İMAM HATİP ORTAOKULU (ERKEK) MUSTAFA BÜYÜKKAPLAN İMAM HATİP ORTAOKULU (ERKEK) 24.08.2025 1 10053713 14.10.2025 08.10.2025 26.08.2025 Books